00530nam a2200133 a 4500008004100000050002200041110006900063245009700132260005900229300002000288350000900308650004600317650003300363090211s1994 ||||||||||||||||| || u aGOV.ZAM(02)1994/2 aGovernment of the Republic of Zambia. Central Statistical Office10aNational census of agriculture 1990/92: census report, part IcBy Central Statistical Office aLusaka:bCentral Statistical Office (CSO)-Zambiac1994 aix, 168p.: ill. a0.00 aAGRICULTURE AND STATE--ZAMBIA--STATISTICS 0aCENSUS OF POPULATION--ZAMBIA